Infertility / (Record no. 43388)
[ view plain ]
| 000 -LEADER | |
|---|---|
| fixed length control field | 00871cam9a220027700 4500 |
| 001 - CONTROL NUMBER | |
| control field | lce00260227 |
| 008 - FIXED-LENGTH DATA ELEMENTS--GENERAL INFORMATION | |
| fixed length control field | 771216s1978 nyua b 001 0 eng |
| 010 ## - LIBRARY OF CONGRESS CONTROL NUMBER | |
| LC control number | 77018735 //r82 |
| 020 ## - INTERNATIONAL STANDARD BOOK NUMBER | |
| International Standard Book Number | 0808910752 |
| 035 ## - SYSTEM CONTROL NUMBER | |
| System control number | (Sirsi) r24240 |
| 035 ## - SYSTEM CONTROL NUMBER | |
| System control number | (DLC) 77018735 //r82 |
| 035 ## - SYSTEM CONTROL NUMBER | |
| System control number | (UPRA)lce00260227 |
| 040 ## - CATALOGING SOURCE | |
| Modifying agency | UPRA |
| 050 0# - LIBRARY OF CONGRESS CALL NUMBER | |
| Classification number | RC889 |
| Item number | .T34 |
| 060 ## - NATIONAL LIBRARY OF MEDICINE CALL NUMBER | |
| Classification number | WP570 T247i |
| 082 ## - DEWEY DECIMAL CLASSIFICATION NUMBER | |
| Classification number | 618.1/78 |
| 100 1# - MAIN ENTRY--PERSONAL NAME | |
| Personal name | Taymor, Melvin L. |
| Linkage | A86553.1 |
| 245 10 - TITLE STATEMENT | |
| Title | Infertility / |
| Statement of responsibility, etc. | Melvin L. Taymor. |
| 260 ## - PUBLICATION, DISTRIBUTION, ETC. | |
| Place of publication, distribution, etc. | New York : |
| Name of publisher, distributor, etc. | Grune & Stratton, |
| Date of publication, distribution, etc. | c1978. |
| 504 ## - BIBLIOGRAPHY, ETC. NOTE | |
| Bibliography, etc. note | Includes bibliographical references and index. |
| 650 #0 - SUBJECT ADDED ENTRY--TOPICAL TERM | |
| Topical term or geographic name entry element | Infertility. |
| Linkage | S20641.1 |
| 650 #2 - SUBJECT ADDED ENTRY--TOPICAL TERM | |
| Topical term or geographic name entry element | Sterility -- Diagnosis. |
| General subdivision | Sterility -- Diagnosis. |
| Linkage | S62309.1 |
| 650 #2 - SUBJECT ADDED ENTRY--TOPICAL TERM | |
| Topical term or geographic name entry element | Sterility -- Therapy. |
| General subdivision | Sterility -- Therapy. |
| Linkage | S62310.1 |
| 949 ## - LOCAL PROCESSING INFORMATION (OCLC) | |
| a | RC889 |
| w | LC |
| i | -23801 |
| m | MEDICAL |
| t | BOOK |
| l | ON-SHELF |
| Withdrawn status | Lost status | Source of classification or shelving scheme | Damaged status | Not for loan | Home library | Current library | Shelving location | Total Checkouts | Full call number | Barcode | Date last seen | Copy number | Price effective from | Koha item type |
|---|---|---|---|---|---|---|---|---|---|---|---|---|---|---|
| Library of Congress Classification | Medical Library | Medical Library | On Shelf | RC889 | -23801 | 08/13/2019 | 1 | 08/13/2019 | Book |